Gaming Quiz

Random Gaming or Vocabulary Quiz

☒ Scrabble Scoring Scramble ☒ Quiz Stats

 Plays Quiz not verified by Sporcle

Score 0/51 Timer 01:30
0 Plays Today
Word Type 'H' or 'L' % Correct
QI???
100%
EAU???
86.2%
OHM???
77.1%
ZOEA???
70.5%
LAKE???
68.1%
OOGAMY???
63.8%
CWM???
48.6%
VEX???
47.1%
JINX???
46.2%
LULU???
46.2%
UVULA???
43.8%
SHH???
31.9%
JOEY???
30%
GULAG???
29%
CYCLES???
28.6%
DYAD???
27.6%
ALPACA???
22.4%
AVA???
21.4%
WIGWAM???
21.4%
QADI???
18.1%
KYE???
17.1%
AWA???
16.2%
BRR???
15.2%
BIZ???
15.2%
ZAX???
15.2%
UNAU???
14.3%
Word Type 'H' or 'L' % Correct
OOH???
12.9%
OOMPH???
11.9%
LEVEE???
11.9%
EERIE???
11.9%
CHIC???
11.9%
MIASMA???
11.9%
ZA???
11%
JEWEL???
10.5%
QAT???
10%
SATIRE???
9.5%
EXIST???
9.5%
QUIZ???
9.5%
KAFTAN???
9.5%
NAOS???
7.6%
YEAH???
7.6%
MYXOID???
7.6%
EXAM???
7.6%
JUDO???
7.6%
ALEF???
7.6%
ADIEU???
6.2%
IXIA???
6.2%
AHA???
6.2%
MY???
6.2%
SUQ???
5.7%
CHECK???
5.2%

You're not logged in!

Compare scores with friends on all Sporcle quizzes.
OR
Log In

Show Comments

Extras

Top Quizzes Today


Score Distribution

Your Account Isn't Verified!

In order to create a playlist on Sporcle, you need to verify the email address you used during registration. Go to your Sporcle Settings to finish the process.

Report this User

Report this user for behavior that violates our Community Guidelines.

Details: